Chọn giống cây trồng : Phương pháp truyền thống & phân tử /

Guardat en:
Dades bibliogràfiques
Autor principal: Bùi Chí Bửu, GS.TS.
Altres autors: Nguyễn Thị Lang, PGS.TS.
Format: Sách giấy
Idioma:Vietnamese
Publicat: Tp. Hồ Chí Minh : Nông nghiệp, 2007.
Edició:In lần thứ nhất.
Matèries:
Etiquetes: Afegir etiqueta
Sense etiquetes, Sigues el primer a etiquetar aquest registre!
Thư viện lưu trữ: Thư viện Trường Đại học Đà Lạt
LEADER 01063nam a2200349 4500
001 DLU120131987
005 ##20120223
040 # # |a DLU  |b vie 
041 # # |a vie 
044 # # |a vn 
082 # # |a 631.52  |b BU-B 
100 # # |a Bùi Chí Bửu,  |c GS.TS. 
245 # # |a Chọn giống cây trồng :  |b Phương pháp truyền thống & phân tử /  |c Bùi Chí Bửu, Nguyễn Thị Lang. 
246 # # |a Chọn giống cây trồng :  |b Phương pháp truyền thống và phân tử 
250 # # |a In lần thứ nhất. 
260 # # |a Tp. Hồ Chí Minh :  |b Nông nghiệp,  |c 2007. 
300 # # |a 502 tr. :  |b minh hoạ ;  |c 27 cm. 
504 # # |a Tài liệu tham khảo: tr. 446-481. 
650 # # |a Công nghệ di truyền thực vật. 
650 # # |a Di truyền học phân tử. 
700 # # |a Nguyễn Thị Lang,  |c PGS.TS. 
923 # # |a 01/2012SH 
991 # # |a SH 
992 # # |a 95000 
994 # # |a KSH 
900 # # |a True 
911 # # |a Nguyễn Thanh Hương 
925 # # |a G 
926 # # |a A 
927 # # |a SH 
980 # # |a Thư viện Trường Đại học Đà Lạt